000
00275nam a2200109 4500
008
160625b xxu||||| |||| 00| 0 eng d
100
_9
1175
_a
Rai, K.,et al
245
_a
learning Physics
260
_a
N.D
_b
Frank Brothers
_c
1975
300
_a
learning Physics
942
_2
ddc
_c
BK
999
_c
955
_d
955